Normal view
MARC view
Entry Personal Name
001 - CONTROL NUMBER
- control field: 2627
003 - CONTROL NUMBER IDENTIFIER
- control field: OSt
005 - DATE AND TIME OF LATEST TRANSACTION
- control field: 20220131100916.0
008 - FIXED-LENGTH DATA ELEMENTS
- fixed length control field: 220131|| aca||aabn | a|a d
040 ## - CATALOGING SOURCE
- Original cataloging agency: OSt
- Transcribing agency: OSt
100 ## - HEADING--PERSONAL NAME
- Personal name: Martincová, Denisa,
- Dates associated with a name: 1972-
670 ## - SOURCE DATA FOUND
- Source citation: Work cat.: (OSt)0: Martincová, Denisa, 1972-, Šarlotin anjel, 2015